000 00667cam a22002293a 4500
001 8806
003 PGUSA
005 20140828084101.0
008 050901s2005||||xxu|||||s|||||000 | eng d
040 _aPGUSA
_beng
042 _adc
050 4 _aPS
100 1 _aBurroughs, Edgar Rice,
_d1875-1950
245 1 4 _aThe Mucker
_h[electronic resource] /
_cEdgar Rice Burroughs
260 _bProject Gutenberg,
_c2005
506 _aCopyrighted. Read the copyright notice inside this book for details.
516 _aElectronic text
653 _aAdventure stories
830 0 _aProject Gutenberg
_v8806
856 4 0 _uhttp://www.gutenberg.org/ebooks/8806
942 _cAB
999 _c275363
_d275363